1327 1014 1751 1931 1540 1168 1858 1804 1768 1463 1157 1228 1147 1013 1801 1596 1889 1167 1414 1304 1730 1605 1736 1532 1636 1791 1039 1831 1724 1669 1275 1651 1876 1804 1916 1244 1580 1232 1259 1819 1760 1689 1629 1987 1363 1876 1920 1803 1345 1084 1714 1907 1177 1609 1903 1331 1036 1462 1540 1017 1103 1542 1420 1818 1951 1026 1230 1958 1071 1845 1995 1637 1195 1697 1547 1638 1608 1674 1524 1793 1393 1138 1752 1031 1664 1798 1052 1689 1533 1984 1099 1732 1801 1735 1897 1799 1348 1914 1034 BCNSPRNW ULIB Ver.6.0+V

เปลี่ยนเป็นภาษาไทย

Change to English
 แสดงรายละเอียดบรรณานุกรม
  กลับหน้าหลัก

Brief Record : Get Marc (ISO 2709) : E-mail record : QR code < ปิดหน้าต่าง
LEADER : 00000nam 2200000uu 4500
001    13399126683
003     ULIB
008    190211s2561||||th 000 0 tha d
020    ^a9786163983282
060 04 ^aWY106^bศ542ก
100 0  ^aศิวพร อึ้งวัฒนา
245 10 ^aการพยาบาลชุมชน :^bอนามัยครอบครัว อนามัยโรงเรียน อนามัยสิ่งแวดล้อม และอาชีวอนามัย /^cศิวพร อึ้งวัฒนา ,รังสิยา นารินทร์.
250    ^aพิมพ์ครั้งที่ 1
260    ^aเชียงใหม่ :^bโครงการตำรา คณะพยาบาลศาสตร์ มหาวิทยาลัยเชียงใหม่,^c2561.
300    ^aviii, 117 หน้า :^bภาพประกอบ ;^c25 ซม.
650  4 ^aการพยาบาลอนามัยชุมชน
650  4 ^aอนามัยชุมชน, การพยาบาล
650  4 ^aอนามัยครอบครัว
650  4 ^aอนามัยโรงเรียน
700 0  ^aรังสิยา นารินทร์
710 2  ^aมหาวิทยาลัยเชียงใหม่. ^bคณะพยาบาลศาสตร์
945    ^p150^l0^i27658
945    ^p150^l0^i27657
945    ^p150^l0^i27660
945    ^p150^l0^i27009
945    ^p150^l0^i27010
945    ^p150^l0^i27011
945    ^p150^l0^i27661
945    ^p150^l0^i27659
999    ^aกัณชพร จุลอักษร
รายการนี้ยังไม่มีแท็ก
คุณยังไม่ได้ล็อกอิน คุณสามารถมีกิจกรรมร่วมกับเว็บไซต์ได้ แต่ต้องล็อกอินก่อน ::
  ล็อกอิน

รายการสื่อสารสนเทศ

ลำดับที่ ประเภท เลขเรียก/บาร์โค้ด สถานที่ สถานะ
1. หนังสือสำรอง
หนังสือสำรอง
WY106 ศ542ก ฉ.1 
  Barcode: 27009
ห้องสมุดวิทยาเขตนครสวรรค์
►หนังสือทั่วไป:l:General Books
บนชั้น
2. วิทยาศาสตร์การแพทย์ และสุขภาพ
วิทยาศาสตร์การแพทย์ และสุขภาพ
WY106 ศ542ก ฉ.2 
  Barcode: 27010
ห้องสมุดวิทยาเขตนครสวรรค์
►หนังสือทั่วไป:l:General Books
บนชั้น
3. วิทยาศาสตร์การแพทย์ และสุขภาพ
วิทยาศาสตร์การแพทย์ และสุขภาพ
WY106 ศ542ก ฉ.3 
  Barcode: 27011
ห้องสมุดวิทยาเขตนครสวรรค์
►หนังสือทั่วไป:l:General Books
บนชั้น
4. วิทยาศาสตร์การแพทย์ และสุขภาพ
วิทยาศาสตร์การแพทย์ และสุขภาพ
WY106 ศ542ก ฉ.4 
  Barcode: 27657
ห้องสมุดวิทยาเขตนครสวรรค์
►หนังสือทั่วไป:l:General Books
บนชั้น
5. วิทยาศาสตร์การแพทย์ และสุขภาพ
วิทยาศาสตร์การแพทย์ และสุขภาพ
WY106 ศ542ก ฉ.5 
  Barcode: 27658
ห้องสมุดวิทยาเขตนครสวรรค์
►หนังสือทั่วไป:l:General Books
บนชั้น
6. วิทยาศาสตร์การแพทย์ และสุขภาพ
วิทยาศาสตร์การแพทย์ และสุขภาพ
WY106 ศ542ก ฉ.6 
  Barcode: 27659
ห้องสมุดวิทยาเขตนครสวรรค์
►หนังสือทั่วไป:l:General Books
บนชั้น
7. วิทยาศาสตร์การแพทย์ และสุขภาพ
วิทยาศาสตร์การแพทย์ และสุขภาพ
WY106 ศ542ก ฉ.7 
  Barcode: 27660
ห้องสมุดวิทยาเขตนครสวรรค์
►หนังสือทั่วไป:l:General Books
บนชั้น
8. วิทยาศาสตร์การแพทย์ และสุขภาพ
วิทยาศาสตร์การแพทย์ และสุขภาพ
WY106 ศ542ก ฉ.8 
  Barcode: 27661
ห้องสมุดวิทยาเขตนครสวรรค์
►หนังสือทั่วไป:l:General Books
บนชั้น

รายการใกล้เคียง
    ผู้แต่ง [ศิวพร อึ้งวัฒนา]

    หัวเรื่อง [การพยาบาลอนามัยชุมชน]
    หัวเรื่อง [อนามัยชุมชน, การพยาบาล]
    หัวเรื่อง [อนามัยครอบครัว]
    หัวเรื่อง [อนามัยโรงเรียน]

BibComment


ยังไม่เคยถูกคอมเมนท์

คอมเมนท์ทรัพยากรรายการนี้
  คอมเมนท์: การพยาบาลชุมชน ..


 Copyright 2026. Bcnsprnw @Library